Detalles MARC
| 000 -CABECERA |
| campo de control de longitud fija |
01138cam a2200229 a 4500 |
| 001 - NÚMERO DE CONTROL |
| campo de control |
000003065 |
| 003 - IDENTIFICADOR DEL NÚMERO DE CONTROL |
| campo de control |
DO-SdBNP |
| 005 - FECHA Y HORA DE LA ÚLTIMA TRANSACCIÓN |
| campo de control |
20251028141623.0 |
| 008 - DATOS DE LONGITUD FIJA--INFORMACIÓN GENERAL |
| campo de control de longitud fija |
800605s1973 ve ao 001 0cspa d |
| 040 ## - FUENTE DE LA CATALOGACIÓN |
| Centro catalogador/agencia de origen |
DO-SdBNP |
| Centro/agencia transcriptor |
DLC |
| Centro/agencia modificador |
DLC |
| 082 #4 - NÚMERO DE LA CLASIFICACIÓN DECIMAL DEWEY |
| Número de clasificación |
920.087 |
| Número de documento/Ítem |
C146m |
| Número de edición |
22 |
| 100 1# - ENTRADA PRINCIPAL--NOMBRE DE PERSONA |
| Nombre de persona |
Caldera, Rafael, |
| Fechas asociadas al nombre |
1916- |
| 9 (RLIN) |
9096 |
| 245 10 - MENCIÓN DE TÍTULO |
| Título |
Moldes para la fragua / |
| Mención de responsabilidad, etc. |
Rafael Caldera. |
| 260 ## - PUBLICACIÓN, DISTRIBUCIÓN, ETC. |
| Lugar de publicación, distribución, etc. |
Caracas : |
| Nombre del editor, distribuidor, etc. |
Seguros Horizonte, |
| Fecha de publicación, distribución, etc. |
1973. |
| 300 ## - DESCRIPCIÓN FÍSICA |
| Extensión |
144 p. : |
| Otras características físicas |
il. ; |
| Dimensiones |
24 cm. |
| 505 0# - NOTA DE CONTENIDO CON FORMATO |
| Nota de contenido con formato |
Bolívar, símbolo de un deber actual -- Andrés Bello, ciudadano de América -- Manuel Vicente Maya, el testimonio discrepante -- Rafael Arévalo González, el acento que no pudo silenciar la mordaza -- José Gregorio Hernández, la lección perenne -- Tulio Febres Cordero, un faro en la provincia -- Andrés Eloy Blanco, el amortiguador de la constituyente -- Dardo Regules, modelo de convivencia -- Aquel obrero que llamamos Cristo -- Jacques Maritain, fe en Dios y en el pueblo. |
| 650 #7 - PUNTO DE ACCESO ADICIONAL DE MATERIA--TÉRMINO DE MATERIA |
| Término de materia o nombre geográfico como elemento de entrada |
Estadistas |
| Subdivisión geográfica |
Venezuela |
| Subdivisión de forma |
Biografía. |
| 9 (RLIN) |
88725 |
| 651 #0 - PUNTO DE ACCESO ADICIONAL DE MATERIA--NOMBRE GEOGRÁFICO |
| Nombre geográfico |
Venezuela |
| Subdivisión general |
Biografía |
| 9 (RLIN) |
26230 |
| 910 ## - DATOS DE OPCIÓN DEL USUARIO (OCLC) |
| Datos de opción del usuario |
Jornada de catalogación |
| 910 ## - DATOS DE OPCIÓN DEL USUARIO (OCLC) |
| Datos de opción del usuario |
WM |
| 942 ## - ELEMENTOS DE PUNTO DE ACCESO ADICIONAL (KOHA) |
| Fuente del sistema de clasificación o colocación |
Dewey Decimal Classification |
| Tipo de ítem Koha |
Libro |